| 000 | 00544cam a22002171 4500 | ||
|---|---|---|---|
| 001 | sa 66007236 | ||
| 003 | DLC | ||
| 005 | 20260227112302.0 | ||
| 008 | 890628s1962 pk 000 1 urdr | ||
| 010 | _asa 66007236 | ||
| 035 | _a(OCoLC)19945870 | ||
| 040 |
_aDLC _cWaU _dDLC |
||
| 050 | 0 | 0 |
_aGR304.B3 _bQ5 |
| 100 | 1 | _aQizilbāsh, Anjum. | |
| 245 | 1 | 0 | _aBalūcon̲ ke rūmān. |
| 260 | _c[1962] | ||
| 300 |
_a157 p. _c18 cm. |
||
| 500 | _aIn Urdu. | ||
| 650 | 0 |
_aBaluchi (Southwest Asian people) _xFolklore. |
|
| 650 | 0 |
_aTales _zPakistan. |
|
| 999 |
_c71030 _d71030 |
||